LEADER 03467nam 2200625 a 450 001 9910455355403321 005 20200520144314.0 010 $a1-282-39941-1 010 $a9786612399411 010 $a90-474-4202-4 024 7 $a10.1163/ej.9789004168541.i-431 035 $a(CKB)1000000000821791 035 $a(EBL)468058 035 $a(OCoLC)592756367 035 $a(SSID)ssj0000336018 035 $a(PQKBManifestationID)11286661 035 $a(PQKBTitleCode)TC0000336018 035 $a(PQKBWorkID)10278531 035 $a(PQKB)10854569 035 $a(MiAaPQ)EBC468058 035 $a(OCoLC)231162448 035 $a(nllekb)BRILL9789047442028 035 $a(PPN)184924014 035 $a(Au-PeEL)EBL468058 035 $a(CaPaEBR)ebr10363836 035 $a(CaONFJC)MIL239941 035 $a(EXLCZ)991000000000821791 100 $a20080527d2008 uy 0 101 0 $aeng 135 $aur|n|---||||| 181 $ctxt 182 $cc 183 $acr 200 02$aA companion to Juan Luis Vives$b[electronic resource] /$fedited by Charles Fantazzi 210 $aLeiden ;$aBoston $cBrill$d2008 215 $a1 online resource (439 p.) 225 1 $aBrill's companions to the Christian tradition,$x1871-6377 ;$vv. 12 300 $aDescription based upon print version of record. 311 $a90-04-16854-0 320 $aIncludes bibliographical references (p. [415]-421) and index. 327 $aIntroduction / Charles Fantazzi -- Juan Luis Vives : works and days / Enrique Gonza?lez Gonza?lez -- Vives and the emarginati / Charles Fantazzi -- The social and political thought of Juan Luis Vives : concord and counsel in the Christian commonwealth / Catherine Curtis -- The De isciplinis as a model of a humanistic text / Valerio Del Nero -- Vives's contributions to rhetoric and dialectic / Peter Mack -- A philosophical treatise on the soul : De anima et vita in the context of Vives's Opus / Valerio Del Nero -- Author, adversary, and reader : a view of the De veritate fidei Christianae / Edward V. George -- Fame and oblivion / Enrique Gonza?lez Gonza?lez. 330 $aThe extraordinarily diverse oeuvre of Juan Luis Vives, marked by great erudition and originality, still remains very little known in the English-speaking world. This collection of essays considers his life and the influence of his writings, and examines some of his chief works. These include his books on the education of women and on the relief of the poor, his numerous political writings, and his huge encyclopedic treatise, De disciplinis , a comprehensive critical and systematic review of universal learning and the state of the academic disciplines at the beginning of the sixteenth century. Subsequent chapters discuss Vives's ideas on the soul, especially his analysis of the emotions, his contribution to rhetoric and dialectic and a posthumous defense of the Christian religion in dialogue form. Contributors are Enrique Gonzalez Gonzalez, Catherine Curtis, Peter Mack, Valerio Del Nero, Edward V. George. 410 0$aBrill's companions to the Christian tradition ;$vv. 12. 606 $aPhilosophers$zSpain 608 $aElectronic books. 615 0$aPhilosophers 676 $a196/.1 701 $aFantazzi$b Charles$0172553 801 0$bMiAaPQ 801 1$bMiAaPQ 801 2$bMiAaPQ 906 $aBOOK 912 $a9910455355403321 996 $aA companion to Juan Luis Vives$92093509 997 $aUNINA LEADER 03126nam 2200541 450 001 9910793155803321 005 20200520144314.0 010 $a1-5017-2742-7 024 7 $a10.7591/9781501727429 035 $a(CKB)4100000006671545 035 $a(OCoLC)1132219370 035 $a(MdBmJHUP)muse71291 035 $a(DE-B1597)515032 035 $a(OCoLC)1054065691 035 $a(DE-B1597)9781501727429 035 $a(Au-PeEL)EBL5516029 035 $a(MiAaPQ)EBC5516029 035 $a(EXLCZ)994100000006671545 100 $a20181006d2002 uy 0 101 0 $aeng 135 $aurcnu|||||||| 181 $ctxt$2rdacontent 182 $cc$2rdamedia 183 $acr$2rdacarrier 200 14$aThe analytic imaginary /$fMarguerite La Caze 210 1$aIthaca ;$aLondon :$cCornell University Press,$d2002. 215 $a1 online resource (194 pages) 311 $a0-8014-3935-3 320 $aIncludes bibliographical references (pages 183-190) and index. 327 $tFrontmatter -- $tContents -- $tAcknowledgments -- $tIntroduction -- $t1. Philosophical Images -- $t2. Analogizing Abortion -- $t3. Experimenting with Persons -- $t4. Contractarian Myths -- $t5. Metaphorical Knowledge -- $t6. Modeling Aesthetics -- $tConclusion -- $tBibliography -- $tIndex 330 $aThe notion of the philosophical imaginary developed by Michéle Le Doeuff refers to the capacity to imagine as well as to the stock of images philosophers employ. Making use of this notion, Marguerite La Caze explores the idea of the imaginary of analytic philosophy. Noting the marked tendency of analytic philosophy to be unselfconscious about the use of figurative language and the levels at which it works, La Caze shows how analytic images can work to define the parameters of debates and exclude differing approaches, including feminist ones.La Caze focuses on five influential types of images in five central areas of contemporary analytic philosophy: analogies and how they are used in the abortion debates; thought experiments in personal identity; the myth of the social contract; Thomas Nagel's use of visual and spatial metaphors in epistemology; and Kendall Walton's use of children's games as a foundational model in aesthetics.The author shows how the image promotes assumptions and conceals tensions in philosophical works, how the image persuades, and how it limits debate and excludes ideas. In providing an analysis of and reflection on the nature of the analytic imaginary, La Caze suggests that a more open-ended and reflexive approach can result in richer, more fruitful, philosophical work. 606 $aAnalysis (Philosophy) 606 $aThought experiments 606 $aFigures of speech 606 $aMetaphor 615 0$aAnalysis (Philosophy) 615 0$aThought experiments. 615 0$aFigures of speech. 615 0$aMetaphor. 676 $a146/.4 700 $aLa Caze$b Marguerite$01479080 801 0$bMiAaPQ 801 1$bMiAaPQ 801 2$bMiAaPQ 906 $aBOOK 912 $a9910793155803321 996 $aThe analytic imaginary$93694991 997 $aUNINA